Re-presenting the city: ethnicity, capital and culture in the 21st -Century metropolis (Record no. 55616)

MARC details
000 -LEADER
fixed length control field 00701nam a2200181 a 4500
008 - FIXED-LENGTH DATA ELEMENTS--GENERAL INFORMATION
fixed length control field 060713s1996 ||||||||||||||||| || u
020 ## - INTERNATIONAL STANDARD BOOK NUMBER
International Standard Book Number 0333601920
050 ## - LIBRARY OF CONGRESS CALL NUMBER
Classification number HT 165.5 Rep
100 ## - MAIN ENTRY--PERSONAL NAME
Personal name King, Anthony D
245 10 - TITLE STATEMENT
Title Re-presenting the city: ethnicity, capital and culture in the 21st -Century metropolis
Statement of responsibility, etc. edited by King, Anthony D.
260 ## - PUBLICATION, DISTRIBUTION, ETC.
Place of publication, distribution, etc. London:
Name of publisher, distributor, etc. Mcmillan Press
Date of publication, distribution, etc. 1996
300 ## - PHYSICAL DESCRIPTION
Extent ix ; 282p. ; ill.
350 ## - PRICE (NR) (BK AM CF MU VM SE) [OBSOLETE]
Price 0.00
650 #0 - SUBJECT ADDED ENTRY--TOPICAL TERM
Topical term or geographic name entry element CITY PLANNING
650 ## - SUBJECT ADDED ENTRY--TOPICAL TERM
Topical term or geographic name entry element PLANNING
650 ## - SUBJECT ADDED ENTRY--TOPICAL TERM
Topical term or geographic name entry element CITY PLANNING--ETHNICITY
995 ## - RECOMMENDATION 995 [LOCAL, UNIMARC FRANCE]
-- 0.00
-- CBU-MAIN LIBRARY (Kitwe)
-- 1
-- 0.00
-- 1
-- AVAILABLE
-- Jul 13, 2006
-- Main Library Open Access Collection
Holdings
Withdrawn status Lost status Source of classification or shelving scheme Damaged status Not for loan Home library Current library Shelving location Date acquired Total Checkouts Full call number Barcode Date last seen Price effective from Koha item type
          CBU-MAIN LIBRARY, KITWE. CBU-MAIN LIBRARY, KITWE.   11/30/2022   HT 165.5 Rep 027238 11/30/2022 11/30/2022 MONOGRAPH